Największe transfery sezonu 2009/10. - Statystyki

Ogólne statystyki
  • Ten quiz został rozwiązany 100 razy
  • Średni wynik to 6 z 10
Statystyki odpowiedzi
# Piłkarz Narodowość Klub oddający Kwota transferu Klub pozyskujący % Poprawnych
1 Cristiano Ronaldo
94,00 mln €
100%
2 Zlatan Ibrahimovic
69,50 mln €
97%
3 Kaká
67,00 mln €
92%
4 Karim Benzema
35,00 mln €
72%
5 Xabi Alonso
34,50 mln €
66%
7 Emmanuel Adebayor
29,00 mln €
58%
6 Mario Gómez
30,00 mln €
43%
8 Carlos Tévez
29,00 mln €
36%
9 Diego Milito
28,00 mln €
28%
10 Joelon Lescott
27,50 mln €
13%
Nie znaleziono quizów pasujących do podanych kryteriów
Rozkład punktacji
Procent ludzi z każdym wynikiem
Percentyl według liczby udzielonych odpowiedzi
Twoja historia wyników
Nie rozwiązałeś tego quizu